| 000 | 00562nam a2200193 i 4500 | ||
|---|---|---|---|
| 001 | 11195 | ||
| 003 | ES-MaACL | ||
| 005 | 20230906150039.0 | ||
| 007 | t| | ||
| 008 | 960216s1988 xxu ||||1| eng d | ||
| 020 | _a0-486-25767-3 | ||
| 080 | _a53(091) | ||
| 100 | 1 |
_aGamow, George. _953809 |
|
| 245 | 1 | 4 |
_aThe Great physicists _b: from Galileo to Einstein / _cGeorge Gamow. |
| 260 |
_aNew York : _bDover, _c1988. |
||
| 300 |
_aVI, 338 p., [8] p. de lám. : _bil. ; _c22 cm. |
||
| 650 | 1 | 4 |
_aFísica- _xHistoria. _912882 |
| 852 |
_aES-MaACL _jL-18519 _bR.124588 |
||
| 999 |
_c11195 _d11195 |
||